Meranie spotreby vnorených zariadení pre IoT prostredie
Gespeichert in:
| 1. Verfasser: | |
|---|---|
| Weitere Verfasser: | |
| Format: | Manuskript Buch |
| Sprache: | Slowakisch |
| Veröffentlicht: |
2025
|
| Schlagworte: | |
| Online-Zugang: | http://is.stuba.sk/zp/portal_zp.pl?podrobnosti=169078 |
| Tags: |
Keine Tags, Fügen Sie das erste Tag hinzu!
|
MARC
| LEADER | 00000ntm a22000003a 4500 | ||
|---|---|---|---|
| 001 | stuzp102956 | ||
| 003 | SK-STU | ||
| 005 | 20250614211926.0 | ||
| 007 | ta | ||
| 008 | 150427s2015----xo-----f-mn---000-0-slo-d | ||
| 040 | |a STU |b slo | ||
| 041 | 0 | |a slo | |
| 100 | 1 | |a Zápražný, Samuel |u 070400 |4 aut |U FIIT Fakulta informatiky a informačných technológií |T FIIT Ústav počítačového inžinierstva a aplikovanej informatiky |X 116328 |U I400 |Y 672 |7 116328 | |
| 242 | 0 | 1 | |a Measuring the consumption of embedded devices in the IoT environment |y eng |
| 245 | 1 | 0 | |a Meranie spotreby vnorených zariadení pre IoT prostredie |
| 260 | |c 2025 | ||
| 650 | 4 | |a IoT |2 eng | |
| 650 | 4 | |a Electricity consumption |2 eng | |
| 650 | 4 | |a Embedded systems |2 eng | |
| 650 | 4 | |a Spotreba elektrickej energie |2 slo | |
| 650 | 4 | |a Vnorené systémy |2 slo | |
| 650 | 4 | |a IoT |2 slo | |
| 700 | 1 | |a Pončák, Matej |4 ths |X 129682 |7 129682 | |
| 856 | 4 | |u http://is.stuba.sk/zp/portal_zp.pl?podrobnosti=169078 | |